000 00949cam a2200265 i 4500
001 4786275
003 EG-ScBUE
005 20260414143454.0
008 870529s1988 enka f b 001 0 eng d
020 _a0582014646
040 _aDLC
_beng
_erda
_cDLC
_dDLC
_dEG-ScBUE
082 0 4 _a574.5222
_222
_bWEL
100 1 _aWellburn, Alan,
_d1940-
_eauthor.
_96293
245 1 0 _aAir pollution and acid rain :
_bthe biological impact /
_cAlan Wellburn.
264 1 _aBurnt Mill, Harlow, Essex, England :
_bLongman Scientific & Technical,
_c1988.
300 _axiii, 274 pages :
_billustrations ;
_c23 cm
336 _2rdacontent
_atext
_btxt
337 _aunmediated
_2rdamedia
_bn
338 _avolume
_bnc
_2rdacarrier
504 _aIncludes bibliographical references and index.
650 7 _aAir
_xPollution
_xEnvironmental aspects.
_2BUEsh
_96294
650 7 _aAcid rain
_xEnvironmental aspects.
_2BUEsh
_96295
655 _vReading book
942 _2ddc
_cBB
999 _c11863
_d11863